Quizzes
Events
Quiz Creation
Community
Videos
Private Events
Remove Ads
Sign In
Join for FREE
Feedback
Dark Mode
Quiz Categories
Sports
Geography
Music
Movies
Television
Just For Fun
Miscellaneous
History
Literature
Language
Science
Gaming
Entertainment
Religion
Holiday
For Kids
Quiz Lab
Recent
Popular Today
Quiz Kudos Today
Editor Picks
Curator Picks
Quizzes by...
Day
Popularity
Type
Ratings
Length
Year
Community
Subscriptions
Recent Discussions
Orange Saloon
Badges
Playlists
Quests
Create
Leaderboards
Showdown
Live 5
Trivia Bingo
Activity
Puzzle Library
Sporcle Events
Private Events
Virtual Trivia
Globe League
Become a Host
Pub Owners
SporcleCon
Opinionation
Our Games
Videos
Blog
Mobile Apps
Partnerships
Remove Ads and Go Orange
Feedback
Language
Vocabulary
Begins and Ends
Definition
Spanish
French
German
Italian
Chinese
Latin
Translation
Japanese
Language
Vocabulary
Begins and Ends
Definition
Spanish
French
German
Italian
Chinese
Latin
Translation
Japanese
Random Quiz
Search Sporcle
×
Quiz Lab
Quiz Lab
Language
Word Ladder
Type in answers that appear in a list
Type in answers that appear in a list
Classic
Best Score? Go Orange.
Word ladder (change 2 of 5 letters) Stats
Can you name the words in the ladder?
By
esmeyny
7m
18 Questions
690 Plays
690 Plays
690 Plays
Comments
Comments
Give Quiz Kudos
Give Quiz Kudos
-
- Ratings
hide this ad
More Info
Replay
Link that replays current quiz
Next Quiz
Link to next quiz in quiz playlist
You Got
0%
They Got
Avg Score
52%
Avg Friend Score
Upgrade to see
Score Distribution
Jump to the score distribution portion of the page
Score
0/18
Timer
07:00
0
Plays Today
Clues
Answers
% Correct
Begin
START
83.6%
Express gratitude
THANK
82.2%
Direction
NORTH
81.2%
Ocean water taste
SALTY
76.7%
Bad-
smelling mammal
SKUNK
76.7%
Direction
SOUTH
75%
Jaws star
SHARK
69.4%
Benign skin growths
WARTS
67%
Triple time dance
WALTZ
66.4%
Clues
Answers
% Correct
Cold dish
SALAD
41.6%
German town /
invertebrates
WORMS
38.3%
Piece
CHUNK
36.2%
Air wave
SOUND
35.8%
Strict
STERN
32%
Bellini opera
NORMA
27.1%
Type of limestone
CHALK
25.9%
Austronesian language
MALAY
15.9%
Place, role
STEAD
13.7%
Quiz Playlist
Details
Report
Send in Message
Add To Playlist
More Info:
Change 2 of the 5 letters at each step.
Classic:
Type in answers that appear in a list
Last Updated: Nov 28, 2017
Quiz Scoreboard
CHALLENGE
Sign Up to Join the Scoreboard
Show All
Scores
Hide
Comments
May contain spoilers
Recently Published
An Introduction to Baseball
by treessimontrees
Sports
5m
Movies - When Are They Set?
by FPL_Elf
Movies
5m
Popular People in 1961
by mucciniale
History
6m
More to Explore
Quiz From the Vault
Featured Blog Post
Where Did the Easter Bunny Come From?
hide this ad
You Might Also Like...
Tags
Word Ladder Quiz
Today's Top Quizzes in Language
Browse Language
hide this ad
Today's Top Quizzes in Word Ladder
Browse Word Ladder
Top Contributed Quizzes in Language
1
1-10 Letter F Words III
2
Order Up: Top 10 Most Native Spoken Languages
3
1-10 Letter G Words III
4
1-10 Letter H Words III
5
One Thing in Common: Italy
6
1-10 Letter I Words III
7
Weisst du, aus welchen Sprachen diese Wörter stammen?
8
1-10 Letter J Words III
9
Begins and Ends With AN
10
Celtic Nations in their Language
Explore More
Trending Topics
NBA
Crossword
Harry Potter
Disney
Marvel
Kpop
Anime
Country
Song
Puzzle
The Office
NFL
WWE
Soccer
Pokémon
hide this ad
More By:
esmeyny
Quiz
Plays
Rating
Category
Featured
Created
Clueless Letter Lines: Seven Sins
58,993
4.80
Religion
Oct 18, 2019
Four Colors Crossword
57,175
4.60
Miscellaneous
Apr 30, 2019
Clueless Letter Lines: NFL Teams
50,277
4.56
Sports
Oct 27, 2019
Exclusive Four-Letter Words
43,626
4.66
Miscellaneous
Nov 11, 2013
Clueless Letter Lines: US States
40,434
4.80
Geography
Sep 16, 2019
Go to Creator's Profile
Score Distribution
Quiz Creator Spotlight
esmeyny
Follow
Send a Message
Quizzes Created
-
Created Quiz Play Count
-
More By This Creator
Popular Quizzes Today
1
Find the Countries of Europe - No Outlines Minefield
2
Find the US States - No Outlines Minefield
3
The Countries of the World
4
Popular People in 1961
5
Find the US States
6
US States
7
1-10 Letter E Words III
8
Risky Map Clicking: Biggest States A-Z
More Language Quizzes
Vocabulary Blitz LVIII
Published
Trending Quizzes
Risky Map Clicking: Least Populous States A-Z
1-10 Letter F Words
1-10 Letter G Words
Not Quite an Element Typing Challenge
One Thing in Common: United Kingdom
Recently Updated
Leaping Animals
pecheneg
Reality TV Shows (A-Z)
bhenderson79
Rickey Henderson's Hall of Fame Teammates
pecheneg
Champions League XIs: Arsenal
pecheneg
Quick Pick: Celebrities in WWE's Hall of Fame
aduchscher
A-Z Keypad Blitz II
pecheneg
Multiple Oscar Actors
pecheneg
Mystery Phrase Blitz: Oscar 'Best Actors'
pecheneg
F. Scott Fitzgerald Novels
LTH
Pick 3 Villains
ddd62291
Trending Topics
Crossword
NBA
Marvel
Kpop
Anime
Disney
Harry Potter
Puzzle
Song
NFL
The Office
Pokémon
Country
Soccer
WWE
Your Account Isn't Verified!
In order to create a playlist on Sporcle, you need to verify the email address you used during registration. Go to your
Sporcle Settings
to finish the process.
Report this User
Report this user for behavior that violates our
Community Guidelines
.
Details:
Send Report
Go to the Sporcle.com Mobile Site →
Comments